| 000 | 00717nam a22002171 4500 | ||
|---|---|---|---|
| 001 | sa 68014684 | ||
| 003 | DLC | ||
| 005 | 20260227112634.0 | ||
| 008 | 711115m19659999ii 00000 eng | ||
| 010 | _asa 68014684 | ||
| 025 | _aPL480:I-E-7410 | ||
| 043 | _aa-ii--- | ||
| 050 | 0 |
_aQ180.I5 _bA58 |
|
| 110 | 1 | 0 |
_aIndia (Republic). _bWorking Group for Scientific Research. |
| 245 | 1 | 0 | _aFourth five year plan. |
| 260 | 1 |
_aNew Delhi _c[c1965- |
|
| 300 |
_av. _c24 cm. |
||
| 500 | _aLabel on t.p.: Draft fourth five year plan submitted to the B.S.I.R. and the governing body of the C.S.I.R. by the Working Group for Scientific Research. | ||
| 650 | 0 |
_aResearch _zIndia. |
|
| 740 | 1 | _aDraft fourth five year plan. | |
| 999 |
_c85963 _d85963 |
||